| 000 | 00332nam a2200121Ia 4500 | ||
|---|---|---|---|
| 008 | 150731s2013 xx 000 0 und d | ||
| 082 |
_a612.012 _bR 13 R |
||
| 100 | _aRATHI,BHANAT J. | ||
| 245 | _aPRACTICAL HB OF RASASHASTNA OF BHAISHAJYA KALPANA | ||
| 260 |
_bCHAUKHAMBHA PUB. NEW DELHI _c2013 |
||
| 300 | _a342 | ||
| 942 |
_2ddc _cBK _04 |
||
| 999 |
_c7757 _d7757 |
||